ბათუმის შოთა რუსთაველის სახელმწიფო უნივერსიტეტის ბიბლიოთეკა

ენერგეტიკული ორთქლგენერატორების თბური გაანგარიშება : საცნობარო მასალა / (ბიბ.ჩანაწერი № 39886)

000 -ლიდერი
ფიქსირებული სიგრძის საკონტროლო ველი 01179nam a2200229Ia 4500
001 - საკონტროლო ნომერი
საკონტროლო ველი 6491
003 - საკონტროლო ნომრის იდენტიფიკატორი
საკონტროლო ველი GE_BSU
005 - ბოლო ოპერაციის თარიღი და დრო
საკონტროლო ველი 20190626200427.0
008 - ფიქსირებული სიგრძის მონაცემთა ელემენტები - ზოგადი ინფორმაცია
ფიქსირებული სიგრძის საკონტროლო ველი 181216s1978|||| |||||||||||||| ||geo||
041 ## - ენის კოდი
Language code of text/sound track or separate title geo
080 ## - უნივერსალური ათობითი კლასიფიკაციის ინდექსი
Universal Decimal Classification number 621.313(03) ლ-81
100 ## - მთავარი ჩანაწერი - პიროვნების სახელი
Personal name ლომინაძე, შ.
9 (RLIN) 22
245 ## - ცნობა სათაურის შესახებ
Title ენერგეტიკული ორთქლგენერატორების თბური გაანგარიშება : საცნობარო მასალა /
Statement of responsibility, etc შ. ლომინაძე ; მ. ყიფშიძე ; თ. ჯიშკარიანი ; რედ : ე.კირვალიძე.
264 ## - წარმოების, გამოცემის, დისტრიბუციის და სხვა ცნობები
გამოცემის, წარმოების, დისტრიბუციის... ადგილი თბილისი :
გამოცემის, წარმოების, დისტრიბუციის... სახელწოდება სპი,
გამოცემის, წარმოების, დისტრიბუციის... თარიღი 1978.
300 ## - ფიზიკური აღწერა
Extent 95 გვ.:
Other physical details ილ. ცხრ.
Dimensions 26 სმ.
653 ## - INDEX TERM--UNCONTROLLED
Uncontrolled term ენერგეტიკული ორთქლგენერატორების თბური გაანგარიშება
653 ## - INDEX TERM--UNCONTROLLED
Uncontrolled term ტექნიკა
700 ## - ADDED ENTRY--PERSONAL NAME
Personal name ყიფშიძე, მ
9 (RLIN) 2318
700 ## - ADDED ENTRY--PERSONAL NAME
Personal name ჯიშკარიანი, თ
9 (RLIN) 1313
700 ## - ADDED ENTRY--PERSONAL NAME
Personal name კირვალიძე, ე
Relator term რედაქტორი
9 (RLIN) 2973
942 ## - ADDED ENTRY ELEMENTS (KOHA)
Koha item type წიგნი
Source of classification or shelving scheme
ეგზემპლარები
ჩამოწერის სტატუსი დაკარგული ეგზემპლარის სტატუსი კლასიფიკაციის წყარო ან თაროზე გაწყობის სქემა დაზიანების სტატუსი არ გაიცემა მუდმივი მდებარეობა (დაცვის ადგილი) ამჟამინდელი ადგილსამყოფელი თაროზე განთავსების ადგილი შეძენის თარიღი ღირებულება, შესყიდვის ნორმალური ფასი სრული შენახვის შიფრი შტრიხკოდი ბოლო ოპერაციის თარიღი ეგზემპლარის მიმდევრობითი ნომერი (კეტერი?) ფასის ძალაში შესვლის თარიღი ეგზემპლარის სახეობა საჯარო შენიშვნა
          ტექნოლოგიური ფაკულტეტის ბიბლიოთეკა ტექნოლოგიური ფაკულტეტის ბიბლიოთეკა წიგნსაცავი 2018-12-17 1.00 621.313(03) ლ-81 10880 2018-12-17 10880 2018-12-17 წიგნი 1 ლ. 40 თ.
          ტექნოლოგიური ფაკულტეტის ბიბლიოთეკა ტექნოლოგიური ფაკულტეტის ბიბლიოთეკა წიგნსაცავი 2019-06-26 1.00 621.313(03) ლ-81 10881 2019-06-26 10881 2019-06-26 წიგნი 1 ლ. 40 თ.
          ტექნოლოგიური ფაკულტეტის ბიბლიოთეკა ტექნოლოგიური ფაკულტეტის ბიბლიოთეკა წიგნსაცავი 2019-06-26 1.00 621.313(03) ლ-81 10882 2019-06-26 10882 2019-06-26 წიგნი 1 ლ. 40 თ.